Cálculo de varias variables
Salvato in:
| Autori principali: | , |
|---|---|
| Natura: | Libro |
| Lingua: | spagnolo |
| Pubblicazione: |
Cuernavaca
McGraw-Hill
2011
|
| Edizione: | 4a. ed |
| Soggetti: | |
| Tags: |
Aggiungi Tag
Nessun Tag, puoi essere il primo ad aggiungerne!!
|
MARC
| LEADER | 00000cam a2200000 a 4500 | ||
|---|---|---|---|
| 001 | UCD5502 | ||
| 003 | CL-VaPUC | ||
| 008 | 160915e20110000mx |||||||||||||||||spa|d | ||
| 020 | |a 9780763759957 | ||
| 082 | 0 | 4 | |a 515.33 |b ZIL |2 21 |
| 100 | 0 | |a Zill, Dennis G |e author |9 589259 | |
| 700 | 0 | |a Wright, Warren S |e author |9 589260 | |
| 245 | 1 | 0 | |a Cálculo de varias variables |
| 250 | |a 4a. ed | ||
| 300 | |a 896 p | ||
| 942 | |c BK | ||
| 945 | |d 20160915 16:42:00 |a dcastane | ||
| 260 | |a Cuernavaca |b McGraw-Hill |c 2011 | ||
| 650 | 0 | |a Cálculo diferencial |9 260102 | |
| 650 | 0 | |a Análisis funcional |9 269993 | |
| 650 | 0 | |a Funciones (Matemáticas) |9 338128 | |
| 583 | |a last modification |c 20160915 16:42:00 |k Rodrigo Vera | ||
| 999 | |c 366157 |d 366155 | ||
| 952 | |0 0 |1 0 |3 erb |4 0 |6 515_330000000000000_ZIL_2011 |7 0 |8 A |9 480207 |a BIBMAT |b BIBMAT |i 5341264 |l 6 |m 4 |o 515.33 ZIL 2011 |p 5341264 |q 2025-05-12 |r 2025-04-21 |s 2025-04-21 |w 2019-11-24 |y BK |z Catalogado en:20160915 |k MAT | ||